[Event "VII Memorial Nicola Palladino B"]
[Site "Milano ITA"]
[Date "2015.04.04"]
[Round "3"]
[White "Pirovano, Ezio"]
[Black "Persico, Lorenzo"]
[WhiteElo "1433"]
[BlackElo "1427"]
[Result "1-0"]
[PlyCount "71"]
[EventDate "2015.04.02"]

1. e4 e5 2. Nf3 Nc6 3. Bb5 a6 4. Ba4 Bc5 5. c3 Ba7 6. O-O d6 7. d4 b5 8. Bb3 h6
9. dxe5 Qe7 10. exd6 cxd6 11. Bf4 Bc5 12. Bd5 Bb7 13. b4 Qf6 14. bxc5 Qxf4 15.
cxd6 Qxd6 16. Bxf7+ Ke7 17. Qxd6+ Kxd6 18. Re1 Ke7 19. Bd5 Nf6 20. Bxc6 Bxc6
21. Nbd2 Rhe8 22. Nd4 Bb7 23. Nf5+ Kf8 24. Nd6 Re7 25. Nxb7 Rxb7 26. f3 Rc8 27.
Rac1 Rbc7 28. Re3 Ne8 29. e5 b4 30. c4 a5 31. Re4 Rd7 32. Nb3 a4 33. Nd4 Rcd8
34. Ne6+ Ke7 35. Nxd8 Rxd8 36. c5 1-0

[Event "VII Memorial Nicola Palladino B"]
[Site "Milano ITA"]
[Date "2015.04.04"]
[Round "3"]
[White "Poletto, Daniele"]
[Black "Aloe, Giancarlo"]
[WhiteElo "1709"]
[BlackElo "1602"]
[Result "0-1"]
[PlyCount "102"]
[EventDate "2015.04.02"]

1. e4 c5 2. c4 Nc6 3. Nc3 e6 4. g3 Nf6 5. Bg2 Be7 6. Nge2 a6 7. O-O O-O 8. d4
cxd4 9. Nxd4 Ne5 10. b3 Bb4 11. Bb2 Qc7 12. Rc1 b6 13. a3 Be7 14. h3 Bb7 15.
Kh2 Rfe8 16. f4 Ng6 17. Re1 d6 18. Qc2 Rac8 19. Qf2 Bf8 20. f5 exf5 21. exf5
Ne5 22. Qf1 Bxg2 23. Kxg2 Qb7+ 24. Kh2 d5 25. Nxd5 Nxd5 26. cxd5 Qxd5 27. Rxc8
Rxc8 28. Qxa6 Rc2+ 29. Re2 Rxb2 30. Rxb2 Qxd4 31. Qe2 Bc5 32. Rb1 Qd5 33. Rd1
Nf3+ 34. Kh1 Nd4+ 35. Qg2 Qe5 36. b4 Bf8 37. g4 h6 38. Qf2 Qe4+ 39. Qg2 Qe3 40.
Rf1 Qxa3 41. g5 hxg5 42. Rf2 Bxb4 43. Ra2 Qc1+ 44. Qg1 Qc6+ 45. Qg2 Qf6 46.
Ra8+ Kh7 47. Qg4 Nxf5 48. Rb8 Bc5 49. Qe4 Qa1+ 50. Kg2 Qg1+ 51. Kf3 Qh1+ 0-1

[Event "VII Memorial Nicola Palladino B"]
[Site "Milano ITA"]
[Date "2015.04.04"]
[Round "3"]
[White "Pollio, Ciro"]
[Black "Russo, Luca"]
[WhiteElo "1779"]
[BlackElo "1609"]
[Result "1-0"]
[PlyCount "83"]
[EventDate "2015.04.02"]

1. d4 Nf6 2. c4 g6 3. Nc3 Bg7 4. e4 O-O 5. Nf3 d6 6. Be2 e5 7. Be3 Nc6 8. d5
Ne7 9. Nd2 Nd7 10. b4 a5 11. a3 axb4 12. axb4 Rxa1 13. Qxa1 f5 14. f3 Nf6 15.
O-O f4 16. Bf2 g5 17. c5 Ng6 18. cxd6 cxd6 19. Nc4 Rf7 20. Nb5 Bf8 21. Rc1 g4
22. Nbxd6 Bxd6 23. Nxd6 Rc7 24. Nxc8 Qxc8 25. Rxc7 Qxc7 26. Bc5 gxf3 27. Bxf3
h6 28. Qb1 Qg7 29. Bf2 h5 30. Qc2 Ng4 31. Qc8+ Nf8 32. Bc5 Nxh2 33. Kxh2 Qg3+
34. Kh1 Qh4+ 35. Qh3 Qe1+ 36. Bg1 Qxb4 37. Qxh5 Qe7 38. Bf2 b5 39. Bh4 Qg7 40.
Be2 b4 41. d6 b3 42. Bc4+ 1-0

[Event "VII Memorial Nicola Palladino B"]
[Site "Milano ITA"]
[Date "2015.04.04"]
[Round "4"]
[White "Aloe, Giancarlo"]
[Black "Cagnotto, Marco"]
[WhiteElo "1602"]
[BlackElo "1673"]
[Result "1-0"]
[PlyCount "57"]
[EventDate "2015.04.02"]

1. d4 Nf6 2. Nf3 g6 3. g3 Bg7 4. Bg2 d6 5. O-O O-O 6. c4 c5 7. e3 Bf5 8. Nbd2
Nbd7 9. b3 Rb8 10. Bb2 a6 11. Qe2 Nb6 12. Rac1 Qc8 13. Rfd1 Rd8 14. dxc5 dxc5
15. e4 Be6 16. e5 Nfd7 17. Ne4 Bg4 18. Neg5 f5 19. exf6 exf6 20. Ne4 Re8 21.
Qd3 Qc7 22. Re1 Bxf3 23. Qxf3 f5 24. Bxg7 Kxg7 25. Ng5 Ne5 26. Qc3 Kg8 27. Rcd1
Nf7 28. Ne6 Rxe6 29. Rxe6 1-0

[Event "VII Memorial Nicola Palladino B"]
[Site "Milano ITA"]
[Date "2015.04.04"]
[Round "4"]
[White "Biava, Pierluigi"]
[Black "Colica, Daniele"]
[WhiteElo "1609"]
[BlackElo "1624"]
[Result "0-1"]
[PlyCount "24"]
[EventDate "2015.04.02"]

1. e4 d5 2. exd5 Nf6 3. d4 Bg4 4. f3 Bf5 5. c4 e6 6. g4 Nxg4 7. fxg4 Qh4+ 8.
Ke2 Be4 9. Nd2 Bxh1 10. Ndf3 Qxg4 11. Bh3 Bxf3+ 12. Nxf3 Qxh3 0-1

[Event "VII Memorial Nicola Palladino B"]
[Site "Milano ITA"]
[Date "2015.04.04"]
[Round "4"]
[White "Bonghi, Fabrizio"]
[Black "Pirovano, Ezio"]
[WhiteElo "1498"]
[BlackElo "1433"]
[Result "0-1"]
[PlyCount "58"]
[EventDate "2015.04.02"]

1. f4 Nf6 2. d3 d5 3. Nf3 g6 4. e3 Bg7 5. Be2 O-O 6. O-O c5 7. Nbd2 Nc6 8. e4
dxe4 9. Nxe4 Nxe4 10. dxe4 Qb6 11. e5 Rd8 12. Qe1 Nd4 13. Nxd4 cxd4 14. Kh1 Bf5
15. g4 Be4+ 16. Bf3 Bxf3+ 17. Rxf3 Qc6 18. Qf2 Rac8 19. c3 dxc3 20. bxc3 Rd3
21. Be3 Rxc3 22. Kg1 f6 23. f5 Rc2 24. Qg3 fxe5 25. fxg6 hxg6 26. Bxa7 e4 27.
Rf4 Bxa1 28. Qb3+ Qc4 29. Qxb7 Bd4+ 0-1

[Event "VII Memorial Nicola Palladino B"]
[Site "Milano ITA"]
[Date "2015.04.04"]
[Round "4"]
[White "Ceraulo, Carlo Alberto"]
[Black "Benedetti, Mario"]
[WhiteElo "1467"]
[BlackElo "1313"]
[Result "1-0"]
[PlyCount "73"]
[EventDate "2015.04.02"]

1. d4 d5 2. c4 e6 3. Nc3 Nf6 4. Bg5 Be7 5. e3 b6 6. cxd5 Nxd5 7. Bxe7 Qxe7 8.
Nxd5 exd5 9. Bd3 Qb4+ 10. Qd2 Qxd2+ 11. Kxd2 O-O 12. Rc1 c6 13. Nf3 f6 14. h3
Bb7 15. b4 b5 16. Ke2 Nd7 17. Nd2 a5 18. a3 axb4 19. axb4 Ra2 20. Rc2 Rfa8 21.
Rhc1 Rxc2 22. Rxc2 Nb6 23. Nb3 Rc8 24. Na5 Ba8 25. Bxb5 Nc4 26. Bxc4 dxc4 27.
Rxc4 c5 28. g3 Bd5 29. Rxc5 Be6 30. Rxc8+ Bxc8 31. b5 Bd7 32. b6 Bb5+ 33. Kd2
Ba6 34. Kc3 Kf7 35. Kb4 Ke7 36. b7 Bxb7 37. Nxb7 1-0

[Event "VII Memorial Nicola Palladino B"]
[Site "Milano ITA"]
[Date "2015.04.04"]
[Round "4"]
[White "Colonetti, Fabio"]
[Black "Casamassima, Paolo"]
[WhiteElo "1605"]
[BlackElo "1633"]
[Result "1-0"]
[PlyCount "63"]
[EventDate "2015.04.02"]

1. e4 c5 2. Nf3 e6 3. d4 cxd4 4. Nxd4 Nc6 5. c4 Nf6 6. Nc3 Bb4 7. f3 h6 8. Be3
a6 9. a3 Bxc3+ 10. bxc3 Qc7 11. Nxc6 bxc6 12. Bc5 Qe5 13. Qd4 Qxd4 14. cxd4 d5
15. e5 Nd7 16. Bd6 f6 17. f4 Kf7 18. c5 g5 19. fxg5 hxg5 20. exf6 Kxf6 21. Bd3
Rh4 22. Rf1+ Kg7 23. Ke2 Rxd4 24. Rf2 Rg4 25. h3 Ra4 26. Raf1 g4 27. Rf7+ Kg8
28. Rh7 Rxa3 29. Rff7 Ra2+ 30. Bc2 Rxc2+ 31. Kd1 Rf2 32. Rfg7# 1-0

[Event "VII Memorial Nicola Palladino B"]
[Site "Milano ITA"]
[Date "2015.04.04"]
[Round "4"]
[White "Colonetti, Giacomo"]
[Black "Castoldi, Andrea"]
[WhiteElo "1338"]
[BlackElo "1385"]
[Result "0-1"]
[PlyCount "86"]
[EventDate "2015.04.02"]

1. e4 c6 2. d4 d5 3. Nc3 dxe4 4. Nxe4 Nd7 5. Nf3 Ngf6 6. Bd3 Nxe4 7. Bxe4 Nf6
8. Bd3 e6 9. O-O Be7 10. Re1 O-O 11. c3 c5 12. dxc5 Bxc5 13. Be3 Bxe3 14. Rxe3
b6 15. Qc2 Bb7 16. Rd1 Qc7 17. Be2 Rad8 18. Nd4 Qb8 19. Red3 Be4 20. f3 Bxd3
21. Bxd3 Qa8 22. b4 g6 23. Qe2 Nd5 24. Qd2 e5 25. Nc2 Nf4 26. Qe3 Nxd3 27. Rxd3
Rxd3 28. Qxd3 Qd8 29. Qe2 Re8 30. Ne3 e4 31. Ng4 Kg7 32. fxe4 Qe7 33. e5 Qg5
34. Kf2 h5 35. Qe3 Qxe3+ 36. Nxe3 Rxe5 37. c4 Re8 38. a4 Kf6 39. Nd5+ Kf5 40.
b5 Re4 41. h3 Ke5 42. Ne3 Kd4 43. Nc2+ Kxc4 0-1

[Event "VII Memorial Nicola Palladino B"]
[Site "Milano ITA"]
[Date "2015.04.04"]
[Round "4"]
[White "Crippa, Oscar"]
[Black "Pollio, Ciro"]
[WhiteElo "1694"]
[BlackElo "1779"]
[Result "0-1"]
[PlyCount "80"]
[EventDate "2015.04.02"]

1. e4 c5 2. Na3 Nc6 3. c3 Nf6 4. Qe2 d6 5. g3 g6 6. Bg2 Bg7 7. Nf3 O-O 8. O-O
Nd7 9. d3 a6 10. Be3 Nde5 11. h3 Nxf3+ 12. Qxf3 Rb8 13. Rab1 b5 14. Nc2 Be6 15.
a3 Bb3 16. Qe2 a5 17. f4 Qd7 18. g4 b4 19. axb4 axb4 20. c4 Bxc2 21. Qxc2 Bd4
22. Qd2 Bxe3+ 23. Qxe3 Nd4 24. f5 f6 25. fxg6 hxg6 26. Qh6 Qe8 27. Ra1 Qf7 28.
Ra7 Rfe8 29. e5 Qh7 30. Bd5+ Kh8 31. Qxh7+ Kxh7 32. exd6 Kh6 33. dxe7 Rh8 34.
Bf7 Rhc8 35. Rxf6 Kg5 36. Rxg6+ Kf4 37. e8=Q Rxe8 38. Bxe8 Rxe8 39. Rf6+ Kg3
40. Rf1 Re2 $138 0-1

[Event "VII Memorial Nicola Palladino B"]
[Site "Milano ITA"]
[Date "2015.04.04"]
[Round "4"]
[White "De Lerma, Andrea"]
[Black "Invernizzi, Ferruccio"]
[WhiteElo "1709"]
[BlackElo "1597"]
[Result "1-0"]
[PlyCount "39"]
[EventDate "2015.04.02"]

1. Nf3 d6 2. c4 Nf6 3. Nc3 g6 4. g3 Bg7 5. Bg2 O-O 6. O-O c6 7. e4 Qc7 8. d4
Nbd7 9. h3 a6 10. a4 Rb8 11. Qe2 e5 12. dxe5 Nxe5 13. Nxe5 dxe5 14. b4 Bd7 15.
Be3 b5 16. Bc5 Rfe8 17. axb5 cxb5 18. Rxa6 bxc4 19. Qxc4 Bf8 20. Rxf6 1-0

[Event "VII Memorial Nicola Palladino B"]
[Site "Milano ITA"]
[Date "2015.04.04"]
[Round "4"]
[White "Fantina, Carla"]
[Black "Bolognese, Leonardo"]
[WhiteElo "1333"]
[BlackElo "1564"]
[Result "0-1"]
[PlyCount "64"]
[EventDate "2015.04.02"]

1. c4 e5 2. Nc3 Nf6 3. g3 Nc6 4. Bg2 Be7 5. e3 d6 6. Nge2 Be6 7. d3 Qd7 8. Nd5
Bxd5 9. cxd5 Nb4 10. a3 Nbxd5 11. Qb3 c6 12. O-O O-O 13. h3 Nb6 14. f4 exf4 15.
Nxf4 d5 16. Bd2 Rfe8 17. Rad1 Rad8 18. Ba5 Qc7 19. d4 Bd6 20. Rf3 Ne4 21. Bxb6
Qxb6 22. Qxb6 axb6 23. Kh2 Ng5 24. Rf2 Rxe3 25. h4 Ne4 26. Bxe4 Rxe4 27. Kg2
Rde8 28. b4 Bxf4 29. gxf4 Re3 30. a4 Ra3 31. a5 bxa5 32. bxa5 Rxa5 0-1

[Event "VII Memorial Nicola Palladino B"]
[Site "Milano ITA"]
[Date "2015.04.04"]
[Round "4"]
[White "Mapelli, Davide"]
[Black "Pipitone, Filippo Massimo"]
[WhiteElo "1579"]
[BlackElo "1549"]
[Result "1-0"]
[PlyCount "89"]
[EventDate "2015.04.02"]

1. e4 c5 2. Nc3 Nc6 3. Bb5 Qc7 4. f3 e6 5. d3 a6 6. Bxc6 Qxc6 7. f4 b5 8. Nf3
g6 9. O-O b4 10. Ne2 Bg7 11. Qe1 Ne7 12. Qh4 h6 13. Qg3 Qc7 14. Qg4 d6 15. Nh4
Ng8 16. Nf3 Nf6 17. Qh3 Bd7 18. a3 Ng8 19. c3 bxc3 20. Nxc3 Rb8 21. Qg3 Bc6 22.
f5 Ne7 23. fxe6 fxe6 24. Nd2 Be5 25. Qh3 Bd7 26. Nc4 Bg7 27. Qg3 Bd4+ 28. Kh1
Be5 29. Nxe5 dxe5 30. Qe1 Ng8 31. Qf2 Ne7 32. Qf7+ Kd8 33. Qg7 Re8 34. Bxh6
Rxb2 35. Bg5 Bc6 36. Rf7 c4 37. Bxe7+ Rxe7 38. Rxe7 Qxe7 39. Qxe5 Rb3 40. dxc4
Kd7 41. Rd1+ Ke8 42. Qh8+ Qf8 43. Rd8+ Kxd8 44. Qxf8+ Kd7 45. Qg7+ 1-0

[Event "VII Memorial Nicola Palladino B"]
[Site "Milano ITA"]
[Date "2015.04.04"]
[Round "4"]
[White "Nikonov, Maxim"]
[Black "Maran, Walter"]
[WhiteElo "1507"]
[BlackElo "1547"]
[Result "0-1"]
[PlyCount "96"]
[EventDate "2015.04.02"]

1. e4 e6 2. d4 d5 3. Nc3 Bb4 4. exd5 exd5 5. Nf3 Ne7 6. Be2 c6 7. O-O O-O 8. a3
Bd6 9. Re1 Bf5 10. Bd3 Bg6 11. Ng5 Bxd3 12. Qxd3 Ng6 13. h4 Qf6 14. h5 h6 15.
hxg6 hxg5 16. gxf7+ Qxf7 17. Qe2 Bf4 18. Qe6 Nd7 19. Qxf7+ Kxf7 20. g3 Bxc1 21.
Raxc1 Rae8 22. Kf1 Nb6 23. b3 Nc8 24. Ne2 Kg6 25. Ng1 Nd6 26. Rxe8 Rxe8 27. Re1
Ne4 28. Kg2 Rf8 29. Nf3 g4 30. Ne5+ Kg5 31. f4+ gxf3+ 32. Nxf3+ Kg4 33. Ne5+
Kg5 34. Rf1 Rf6 35. Nf7+ Kg6 36. Rxf6+ Kxf6 37. Nd8 Nd6 38. c4 Ke7 39. c5 Kxd8
40. cxd6 Kd7 41. Kf3 Kxd6 42. Kf4 c5 43. Ke3 c4 44. Kd2 b5 45. Kc3 a6 46. g4
Ke6 47. a4 Kf6 48. bxc4 bxc4 0-1

[Event "VII Memorial Nicola Palladino B"]
[Site "Milano ITA"]
[Date "2015.04.04"]
[Round "4"]
[White "Orlandini, Andrea"]
[Black "Myftaraj, Ylli"]
[WhiteElo "1672"]
[BlackElo "1634"]
[Result "1/2-1/2"]
[PlyCount "80"]
[EventDate "2015.04.02"]

1. e4 d5 2. exd5 Qxd5 3. Nc3 Qa5 4. d4 Nf6 5. Nf3 Bf5 6. Bd2 c6 7. Bc4 e6 8.
O-O Bb4 9. a3 Bxc3 10. Bxc3 Qc7 11. Re1 O-O 12. Bd3 Bg6 13. Bxg6 hxg6 14. Qd3
Nbd7 15. Ne5 Nd5 16. Qh3 Nxe5 17. dxe5 Nxc3 18. bxc3 Rfd8 19. Re4 f5 20. exf6
gxf6 21. Qxe6+ Qf7 22. Qxf7+ Kxf7 23. Kf1 Rd7 24. Rd4 Re7 25. Re1 Rae8 26.
Rxe7+ Rxe7 27. f4 Ke8 28. Kf2 c5 29. Rd6 Kf7 30. g4 Rc7 31. h4 Ke7 32. Rd3 b5
33. h5 gxh5 34. gxh5 Ke6 35. Rh3 Rh7 36. h6 f5 37. Ke3 Kf6 38. Rh5 Kg6 39. Rg5+
Kf6 40. Rh5 Kg6 1/2-1/2

[Event "VII Memorial Nicola Palladino B"]
[Site "Milano ITA"]
[Date "2015.04.04"]
[Round "4"]
[White "Persico, Lorenzo"]
[Black "Bossoni, Alessandra"]
[WhiteElo "1427"]
[BlackElo "1489"]
[Result "0-1"]
[PlyCount "130"]
[EventDate "2015.04.02"]

1. Nf3 d6 2. d3 Nf6 3. g3 g6 4. Bg2 Bg7 5. O-O O-O 6. Nc3 Nc6 7. h3 e5 8. e4
Bd7 9. Re1 Qc8 10. Kh2 h6 11. d4 Nh7 12. d5 Ne7 13. Be3 f5 14. exf5 Nxf5 15.
Qd2 Nxe3 16. Rxe3 Rxf3 17. Rxf3 Ng5 18. Re3 Bxh3 19. Rh1 h5 20. Bxh3 Qxh3+ 21.
Kg1 Qd7 22. Ne4 Qf5 23. Nxg5 Qxg5 24. Rd3 Qf5 25. Kg2 e4 26. Rb3 b6 27. Rd1 a5
28. Qf4 Qxf4 29. gxf4 Re8 30. Re1 Bd4 31. Rg3 Kf7 32. c3 Bc5 33. Rg5 Kf6 34. a3
b5 35. Rg1 e3 36. fxe3 Rxe3 37. Kh1 Rh3+ 38. Kg2 Rd3 39. Re1 Rd2+ 40. Kh1 Rxb2
41. Re6+ Kf7 42. Rgxg6 Rb1+ 43. Kh2 Rb2+ 44. Rg2 Bxa3 45. Ree2 Rxe2 46. Rxe2 b4
47. cxb4 axb4 48. Rc2 Kf6 49. Rxc7 b3 50. Rb7 b2 51. Rb3 Kf5 52. Kg3 h4+ 53.
Kxh4 Kxf4 54. Kh3 Ke4 55. Kg2 Kxd5 56. Kf2 Kc4 57. Rb8 d5 58. Ke2 Kc3 59. Kd1
d4 60. Rb7 Bb4 61. Rxb4 Kxb4 62. Kc2 b1=Q+ 63. Kxb1 Kb3 64. Kc1 Kc3 65. Kd1 Kd3
0-1

[Event "VII Memorial Nicola Palladino B"]
[Site "Milano ITA"]
[Date "2015.04.04"]
[Round "4"]
[White "Rigotti, Gianluigi"]
[Black "Palermiti, Francesco"]
[WhiteElo "1503"]
[BlackElo "1444"]
[Result "1-0"]
[PlyCount "53"]
[EventDate "2015.04.02"]

1. e4 c5 2. g3 d6 3. Bg2 Nc6 4. Ne2 Nf6 5. O-O e6 6. c3 e5 7. d4 cxd4 8. cxd4
exd4 9. Nxd4 Be7 10. Nc3 a6 11. Nd5 Nxd5 12. exd5 Nxd4 13. Qxd4 O-O 14. Bf4 b5
15. Rfe1 Re8 16. Qb4 Qb6 17. a4 Rb8 18. a5 Qc7 19. Rac1 Qd8 20. Rxe7 Rxe7 21.
Bxd6 Reb7 22. Bxb8 Rxb8 23. Rc6 Bb7 24. Rd6 Qe7 25. Qf4 Qc7 26. Bf3 Qxa5 27.
Rxa6 1-0

[Event "VII Memorial Nicola Palladino B"]
[Site "Milano ITA"]
[Date "2015.04.04"]
[Round "4"]
[White "Russo, Luca"]
[Black "Poletto, Daniele"]
[WhiteElo "1609"]
[BlackElo "1709"]
[Result "1/2-1/2"]
[PlyCount "116"]
[EventDate "2015.04.02"]

1. e4 c5 2. Nf3 e6 3. d4 cxd4 4. Nxd4 a6 5. Bd3 Nc6 6. Nb3 Qc7 7. Qe2 Ne5 8.
Nc3 Nxd3+ 9. cxd3 b5 10. O-O Bb7 11. Be3 Nf6 12. Rac1 Bc6 13. Nd4 Be7 14. Nxc6
dxc6 15. Qc2 Rc8 16. h3 O-O 17. Ne2 c5 18. b3 Nd7 19. d4 c4 20. bxc4 Qxc4 21.
Qxc4 bxc4 22. f4 Rc7 23. Bd2 Rfc8 24. Bc3 Rb7 25. Rf3 Ba3 26. Rd1 Rcb8 27. f5
Rb1 28. Rff1 Rxd1 29. Rxd1 exf5 30. exf5 Bb2 31. Rb1 Bxc3 32. Rxb8+ Nxb8 33.
Nxc3 f6 34. Kf2 Kf7 35. Ke3 Nc6 36. Ke4 Ke7 37. Kd5 Kd7 38. Kxc4 h5 39. g4 hxg4
40. hxg4 Ne7 41. Kc5 Nc6 42. Ne4 a5 43. g5 fxg5 44. Nxg5 Ne7 45. Nf3 Nxf5 46.
Kb5 Kd6 47. Kxa5 g5 48. Nxg5 Nxd4 49. Kb6 Nc6 50. a4 Kd7 51. Ne4 Ne5 52. Nc5+
Kc8 53. Kb5 Kb8 54. a5 Ka7 55. a6 Nf7 56. Nb7 Ne5 57. Na5 Kb8 58. Kb6 Nd7+
1/2-1/2

[Event "VII Memorial Nicola Palladino B"]
[Site "Milano ITA"]
[Date "2015.04.05"]
[Round "5"]
[White "Benedetti, Mario"]
[Black "Nikonov, Maxim"]
[WhiteElo "1313"]
[BlackElo "1507"]
[Result "0-1"]
[PlyCount "128"]
[EventDate "2015.04.02"]

1. d4 d5 2. c4 e6 3. Nc3 Nf6 4. Nf3 Be7 5. Bg5 c6 6. e3 O-O 7. Be2 Nbd7 8. O-O
h6 9. Bh4 dxc4 10. Bxc4 Nb6 11. Bd3 Nbd5 12. Bc2 Nxc3 13. bxc3 Nd5 14. Bxe7
Qxe7 15. Qd3 Nf6 16. e4 g6 17. e5 Nd5 18. g3 Kh8 19. Nd2 Rg8 20. Rab1 b5 21. f4
a5 22. Ne4 b4 23. Qd2 bxc3 24. Nxc3 Nxc3 25. Qxc3 Qc7 26. Qe3 Ba6 27. f5 Rg7
28. Rfc1 gxf5 29. Qxh6+ Rh7 30. Qf6+ Rg7 31. Ba4 Qd7 32. Bxc6 Qxd4+ 33. Kh1 Rc8
34. Bg2 Rxc1+ 35. Rxc1 Qd2 36. Rb1 Bb5 37. a4 Qc2 38. Qh6+ Kg8 39. Qc1 Bxa4 40.
Rb8+ Kh7 41. Qxc2 Bxc2 42. Ra8 a4 43. Bc6 Rg8 44. Ra7 Rc8 45. Bxa4 Bxa4 46.
Rxa4 Rc5 47. h4 Rxe5 48. Rf4 Kg6 49. Kg2 Re4 50. Kf3 Rxf4+ 51. Kxf4 Kh5 52. Kf3
e5 53. Ke3 Kg4 54. Kf2 f4 55. gxf4 exf4 56. h5 Kxh5 57. Kf3 Kg5 58. Kf2 Kg4 59.
Kg2 f3+ 60. Kf2 Kf4 61. Kf1 Kg3 62. Kg1 f2+ 63. Kf1 f6 64. Ke2 Kg2 0-1

[Event "VII Memorial Nicola Palladino B"]
[Site "Milano ITA"]
[Date "2015.04.05"]
[Round "5"]
[White "Bolognese, Leonardo"]
[Black "Biava, Pierluigi"]
[WhiteElo "1564"]
[BlackElo "1609"]
[Result "0-1"]
[PlyCount "62"]
[EventDate "2015.04.02"]

1. d4 e6 2. c4 Nf6 3. Nf3 b6 4. g3 Bb7 5. Bg2 c5 6. e3 Qc7 7. b3 Be7 8. O-O O-O
9. Nc3 a6 10. d5 d6 11. e4 h6 12. Re1 Nbd7 13. Bb2 e5 14. Qd2 Nh7 15. h3 Rfb8
16. Nh2 Qd8 17. f4 Nhf8 18. Rf1 exf4 19. Qxf4 Ne5 20. Ne2 Nfg6 21. Qf2 Bf6 22.
Bxe5 Nxe5 23. Rad1 Bc8 24. Nf3 Qe7 25. Nxe5 Bxe5 26. Qf3 b5 27. Rf2 bxc4 28.
bxc4 Rb2 29. a3 Rab8 30. Qd3 R8b3 31. Nc3 Rxc3 0-1

[Event "VII Memorial Nicola Palladino B"]
[Site "Milano ITA"]
[Date "2015.04.05"]
[Round "5"]
[White "Bossoni, Alessandra"]
[Black "Carli, Federico"]
[WhiteElo "1489"]
[BlackElo "1641"]
[Result "1/2-1/2"]
[PlyCount "43"]
[EventDate "2015.04.02"]

1. e4 e5 2. Nf3 Nc6 3. Bc4 Nf6 4. d3 h6 5. c3 d6 6. Bb3 Be7 7. h3 O-O 8. O-O
Re8 9. Re1 Bf8 10. Nbd2 Bd7 11. Nf1 a5 12. a4 Ne7 13. Ng3 Qb8 14. Bc2 c5 15. b3
Qc7 16. Bb2 Rab8 17. Rc1 b5 18. Ba1 Qb6 19. Rb1 b4 20. c4 Qc7 21. Qd2 Nc6 22.
Kh1 1/2-1/2

[Event "VII Memorial Nicola Palladino B"]
[Site "Milano ITA"]
[Date "2015.04.05"]
[Round "5"]
[White "Castoldi, Andrea"]
[Black "Bonghi, Fabrizio"]
[WhiteElo "1385"]
[BlackElo "1498"]
[Result "0-1"]
[PlyCount "42"]
[EventDate "2015.04.02"]

1. e4 e6 2. d4 d5 3. exd5 exd5 4. Bd3 Nf6 5. Nf3 Bg4 6. c3 Be7 7. O-O O-O 8. h3
Bxf3 9. Qxf3 Nbd7 10. Bf4 c6 11. Nd2 b5 12. b4 a5 13. a3 Nb6 14. Bc2 axb4 15.
axb4 Nc4 16. Nxc4 bxc4 17. Qd1 g6 18. Be5 Nh5 19. Qc1 f6 20. Bf4 Rxa1 21. Qxa1
Nxf4 0-1

[Event "VII Memorial Nicola Palladino B"]
[Site "Milano ITA"]
[Date "2015.04.05"]
[Round "5"]
[White "Colica, Daniele"]
[Black "De Lerma, Andrea"]
[WhiteElo "1624"]
[BlackElo "1709"]
[Result "0-1"]
[PlyCount "120"]
[EventDate "2015.04.02"]

1. e4 g6 2. Nf3 c5 3. Nc3 Bg7 4. Be2 Nc6 5. O-O Nf6 6. d3 O-O 7. h3 a6 8. Be3
d6 9. Qd2 Re8 10. d4 cxd4 11. Nxd4 Nxd4 12. Bxd4 Bd7 13. a4 Rc8 14. a5 Rc6 15.
b4 Qc8 16. b5 Rxc3 17. Qxc3 axb5 18. Qxc8 Rxc8 19. Bd3 e5 20. Be3 d5 21. f3 d4
22. Bd2 Ne8 23. Rfc1 Nd6 24. Rcb1 Nc4 25. Bc1 Bf8 26. Kf2 b4 27. a6 bxa6 28.
Rxa6 Bb5 29. Bxc4 Bxc4 30. Ra5 f6 31. Rba1 Bf7 32. Ra8 Rxc2+ 33. Ke1 g5 34. Rb1
b3 35. Ba3 b2 36. Kd1 Bb3 37. Rxf8+ Kg7 38. Rxb2 Rxb2+ 39. Kc1 Rc2+ 40. Kb1 d3
41. Rd8 Rxg2 42. Kc1 Rc2+ 43. Kb1 d2 44. Rd3 Ra2 45. Bb4 d1=Q+ 46. Rxd1 Bxd1
47. Kxa2 Bxf3 48. Kb2 Bxe4 49. Kc3 Bg2 50. Kd2 Bxh3 51. Ke3 Kg6 52. Kf3 h5 53.
Kg3 Bg4 54. Bc3 Kf5 55. Bb4 h4+ 56. Kf2 Bd1 57. Be7 Bc2 58. Kg2 Be4+ 59. Kh3
Kg6 60. Bd6 Kh5 0-1

[Event "VII Memorial Nicola Palladino B"]
[Site "Milano ITA"]
[Date "2015.04.05"]
[Round "5"]
[White "Colonetti, Giacomo"]
[Black "Persico, Lorenzo"]
[WhiteElo "1338"]
[BlackElo "1427"]
[Result "0-1"]
[PlyCount "88"]
[EventDate "2015.04.02"]

1. e4 e5 2. Nf3 Nc6 3. Bc4 Bc5 4. c3 Nf6 5. d3 O-O 6. O-O h6 7. Be3 Bxe3 8.
fxe3 d5 9. exd5 Nxd5 10. Bxd5 Qxd5 11. c4 Qc5 12. Re1 Bg4 13. Nc3 f5 14. Na4
Qe7 15. Qb3 Rab8 16. Nd2 Qb4 17. Nc3 Qxb3 18. Nxb3 Nb4 19. Rab1 Nxd3 20. Rf1 f4
21. exf4 Rxf4 22. Rxf4 exf4 23. Nd5 Be6 24. Nc1 Ne5 25. b3 Bxd5 26. cxd5 f3 27.
gxf3 Nxf3+ 28. Kg2 Nh4+ 29. Kg3 Nf5+ 30. Kf4 Ne7 31. Ke5 Rd8 32. Ne2 Rxd5+ 33.
Ke6 Rd2 34. Kxe7 Rxe2+ 35. Kd7 Rxh2 36. Kxc7 Rxa2 37. Kxb7 a5 38. Kc6 Ra3 39.
Kb5 h5 40. Kc4 g6 41. b4 Ra4 42. Kc3 Rxb4 43. Rxb4 axb4+ 44. Kxb4 h4 0-1

[Event "VII Memorial Nicola Palladino B"]
[Site "Milano ITA"]
[Date "2015.04.05"]
[Round "5"]
[White "Invernizzi, Ferruccio"]
[Black "Pirovano, Ezio"]
[WhiteElo "1597"]
[BlackElo "1433"]
[Result "1-0"]
[PlyCount "29"]
[EventDate "2015.04.02"]

1. e4 e5 2. Nf3 Nc6 3. d4 exd4 4. Nxd4 Nf6 5. Nxc6 bxc6 6. Nc3 Bb4 7. Bd2 O-O
8. Bd3 Re8 9. Qf3 d5 10. O-O Bxc3 11. Bxc3 dxe4 12. Bxf6 exf3 13. Bxd8 fxg2 14.
Rfd1 Bh3 15. Bxc7 1-0

[Event "VII Memorial Nicola Palladino B"]
[Site "Milano ITA"]
[Date "2015.04.05"]
[Round "5"]
[White "Mapelli, Davide"]
[Black "Crippa, Oscar"]
[WhiteElo "1579"]
[BlackElo "1694"]
[Result "1/2-1/2"]
[PlyCount "90"]
[EventDate "2015.04.02"]

1. e4 e6 2. d4 d5 3. exd5 exd5 4. Bd3 Bd6 5. c3 Nc6 6. Qc2 Nge7 7. Be3 Bg4 8.
Nd2 Qd7 9. h3 Bf5 10. Ngf3 f6 11. O-O-O O-O-O 12. Nb3 Bxd3 13. Qxd3 Qf5 14.
Qxf5+ Nxf5 15. Bd2 Rhe8 16. g4 Nfe7 17. Rde1 Ng6 18. Kb1 b6 19. Bc1 a5 20. Na1
Bf4 21. Nc2 Kd7 22. Ne3 Bxe3 23. Bxe3 Re6 24. Kc2 Rde8 25. Bd2 a4 26. Rxe6 Rxe6
27. Re1 Rxe1 28. Nxe1 Na5 29. Ng2 Nc4 30. Bc1 Ne7 31. Kd3 Nd6 32. f3 g5 33. f4
h6 34. Be3 Nc4 35. Bc1 Ng6 36. b3 axb3 37. axb3 Nd6 38. Be3 Ne4 39. c4 c6 40.
Kc2 gxf4 41. Nxf4 Nxf4 42. Bxf4 Nf2 43. Bxh6 Nxh3 44. Be3 Ng5 45. Bxg5 fxg5
1/2-1/2

[Event "VII Memorial Nicola Palladino B"]
[Site "Milano ITA"]
[Date "2015.04.05"]
[Round "5"]
[White "Maran, Walter"]
[Black "Colonetti, Fabio"]
[WhiteElo "1547"]
[BlackElo "1605"]
[Result "0-1"]
[PlyCount "44"]
[EventDate "2015.04.02"]

1. e4 Nf6 2. e5 Nd5 3. d4 d6 4. c4 Nb6 5. f4 g6 6. Nc3 Bg7 7. Nf3 O-O 8. h3 Be6
9. d5 Bc8 10. Be3 Na6 11. Be2 Nd7 12. Bd4 Ndc5 13. a3 dxe5 14. fxe5 Nd7 15. O-O
h6 16. b4 c6 17. e6 fxe6 18. Bxg7 Kxg7 19. dxe6 Nf6 20. Qc2 Bxe6 21. Nh4 Qd4+
22. Kh1 Qxh4 0-1